000 00272nam a2200121Ia 4500
008 241002s9999 xx 000 0 und d
082 _a824 WEL
100 _aWells, H.G
245 4 _aThe War of the World
260 _aLondon:
_c1963
600 _aLiterature
942 _cUC
999 _c19013
_d19013